000 00494nam a22001817a 4500
005 20251108170457.0
008 250721s1997 xx 000 0 ara d
082 1 4 _aم/811.4/فرز
100 1 _aالفرزدق،
245 1 0 _aديوان الفرزدق /
264 1 _aبيروت :
_c1997.
300 _a720ص
650 1 7 _aالشعر العربي
650 1 7 _aالعصر الأموي
700 1 _aالطباع، عمر فاروق
_eتحقيق
942 _2ddc
_cREF
999 _c41455
_d41455